| 000 | 00508nam a2200169 i 4500 | ||
|---|---|---|---|
| 001 | 78482 | ||
| 003 | ES-MaACL | ||
| 005 | 20230906173722.0 | ||
| 007 | t| | ||
| 008 | 041014s1965 sp ||||1| spa d | ||
| 100 | 1 |
_aHarnik, B. _961870 |
|
| 245 | 1 | 0 |
_aJuventud sin freno / _cB. Harnik ; traducción del alemán por M.M. Muñoz Jiménez-Millas. |
| 260 |
_aMadrid : _bStudium, _c1965. |
||
| 300 |
_a86 p. ; _c19 cm. |
||
| 700 | 1 |
_aMuñoz Jiménez-Millás, M. M. _984439 |
|
| 852 |
_aES-MaACL _jC-28216 _bR.57549 |
||
| 999 |
_c78482 _d78482 |
||